| 000 | 01205nam a2200325 a 4500 | ||
|---|---|---|---|
| 001 | ebr10369726 | ||
| 003 | CaPaEBR | ||
| 006 | m u | ||
| 007 | cr cn||||||||| | ||
| 008 | 961107s1997 enk sb 001 0 eng d | ||
| 010 | _z 96071381 | ||
| 020 | _z0803976968 | ||
| 020 | _z0803976976 (pbk.) | ||
| 020 | _z9780803976962 | ||
| 020 | _z9780857022905 (e-book) | ||
| 040 |
_aCaPaEBR _cCaPaEBR |
||
| 035 | _a(OCoLC)593240002 | ||
| 050 | 1 | 4 |
_aBF201.3 _b.E39 1997eb |
| 082 | 0 | 4 |
_a153 _222 |
| 100 | 1 | _aEdwards, Derek. | |
| 245 | 1 | 0 |
_aDiscourse and cognition _h[electronic resource] / _cDerek Edwards. |
| 260 |
_aLondon ; _aThousand Oaks, Calif. : _bSAGE Publications, _c1997. |
||
| 300 | _avii, 356 p. | ||
| 504 | _aIncludes bibliographical references (p. [325]-347) and index. | ||
| 533 |
_aElectronic reproduction. _bPalo Alto, Calif. : _cebrary, _d2013. _nAvailable via World Wide Web. _nAccess may be limited to ebrary affiliated libraries. |
||
| 650 | 0 | _aDiscursive psychology. | |
| 655 | 7 |
_aElectronic books. _2local |
|
| 710 | 2 | _aebrary, Inc. | |
| 856 | 4 | 0 |
_uhttp://site.ebrary.com/lib/rucke/Doc?id=10369726 _zAn electronic book accessible through the World Wide Web; click to view |
| 999 |
_c109569 _d109569 |
||